Delhi officials directory (Record no. 486778)

000 -LEADER
fixed length control field 00410cam a22001217a 4500
008 - FIXED-LENGTH DATA ELEMENTS--GENERAL INFORMATION
fixed length control field 180718b-- xxu||||| |||| 00| 0 eng d
082 ## - DEWEY DECIMAL CLASSIFICATION NUMBER
Classification number K11055x5461
245 ## - TITLE STATEMENT
Title Delhi officials directory
Statement of responsibility, etc. by Centre of Publications
260 ## - PUBLICATION, DISTRIBUTION, ETC.
Place of publication, distribution, etc. New Delhi
Name of publisher, distributor, etc. Centre of Publications
Date of publication, distribution, etc. --
500 ## - GENERAL NOTE
General note Library has 2000, 2002, 2004, 2005
650 ## - SUBJECT ADDED ENTRY--TOPICAL TERM
Topical term or geographic name entry element Delhi - Officials and employees - Directories
700 ## - ADDED ENTRY--PERSONAL NAME
Personal name Centre of Publications
Holdings
Withdrawn status Lost status Damaged status Not for loan Permanent Location Current Location Date acquired Full call number Barcode Date last seen Price effective from Koha item type
        Indian Institute of Public Administration Indian Institute of Public Administration 2018-08-04 K11055x5461 G20454 2018-08-04 2018-08-04 G
        Indian Institute of Public Administration Indian Institute of Public Administration 2018-08-04 K11055x5461 G20453 2018-08-04 2018-08-04 G
        Indian Institute of Public Administration Indian Institute of Public Administration 2018-08-04 K11055x5461 G20148 2018-08-04 2018-08-04 G
        Indian Institute of Public Administration Indian Institute of Public Administration 2018-08-04 K11055x5461 G20147 2018-08-04 2018-08-04 G
        Indian Institute of Public Administration Indian Institute of Public Administration 2018-08-04 K11055x5461 G19727 2018-08-04 2018-08-04 G
        Indian Institute of Public Administration Indian Institute of Public Administration 2018-08-04 K11055x5461 G19691 2018-08-04 2018-08-04 G

Powered by Koha